| 000 | 01798nam a2200253 a 4500 | ||
|---|---|---|---|
| 008 | 120416s1979 ||||||||||||||||| || u | ||
| 050 | _aHD 31 Gle | ||
| 100 | _aGlew, Matthew | ||
| 245 | 1 | 4 | _aThe business organization and its environment |
| 246 | _abook 2 | ||
| 260 |
_aLondon _bHeinemann _c1979 |
||
| 350 | _a0.00 | ||
| 650 | 0 | _aMANAGEMENT | |
| 700 | _aWells, Ronald | ||
| 995 |
_aANNEX COLLECTION (Main Library) _D0.00 _e719598 _FCBU-MAIN LIBRARY (Kitwe) _H6 _I2.95 _jHD 31 Gle _M9 _UAVAILABLE _y000477 _ZAnnex Low-Usage Collection |
||
| 995 |
_aANNEX COLLECTION (Main Library) _D0.00 _e709027 _FCBU-MAIN LIBRARY (Kitwe) _H3 _I2.95 _jHD 31 Gle _M5 _UAVAILABLE _y000473 _ZAnnex Low-Usage Collection |
||
| 995 |
_aANNEX COLLECTION (Main Library) _D0.00 _e719601 _FCBU-MAIN LIBRARY (Kitwe) _H8 _I2.95 _jHD 31 Gle _M2 _UAVAILABLE _y000470 _ZAnnex Low-Usage Collection |
||
| 995 |
_aANNEX COLLECTION (Main Library) _D0.00 _e709034 _FCBU-MAIN LIBRARY (Kitwe) _H4 _I2.95 _jHD 31 Gle _M3 _UAVAILABLE _y000471 _ZAnnex Low-Usage Collection |
||
| 995 |
_aANNEX COLLECTION (Main Library) _D0.00 _e709028 _FCBU-MAIN LIBRARY (Kitwe) _H1 _I2.95 _jHD 31 Gle _M4 _UAVAILABLE _y000472 _ZAnnex Low-Usage Collection |
||
| 995 |
_aANNEX COLLECTION (Main Library) _D0.00 _e719105 _FCBU-MAIN LIBRARY (Kitwe) _H7 _I2.95 _jHD 31 Gle _M8 _UAVAILABLE _y000476 _ZAnnex Low-Usage Collection |
||
| 995 |
_aANNEX COLLECTION (Main Library) _D0.00 _e719104 _FCBU-MAIN LIBRARY (Kitwe) _H5 _I2.95 _jHD 31 Gle _M6 _UAVAILABLE _y000474 _ZAnnex Low-Usage Collection |
||
| 995 |
_aANNEX COLLECTION (Main Library) _D0.00 _e719103 _FCBU-MAIN LIBRARY (Kitwe) _H9 _I2.95 _jHD 31 Gle _M7 _UAVAILABLE _y000475 _ZAnnex Low-Usage Collection |
||
| 995 |
_aANNEX COLLECTION (Main Library) _D0.00 _e709033 _FCBU-MAIN LIBRARY (Kitwe) _H2 _I2.95 _jHD 31 Gle _M1 _UAVAILABLE _y000469 _ZAnnex Low-Usage Collection |
||
| 999 |
_c79049 _d79049 |
||